| 000 | 00694nam a22001577a 4500 | ||
|---|---|---|---|
| 003 | OSt | ||
| 005 | 20151009093936.0 | ||
| 008 | 151009b xxu||||| |||| 00| 0 eng d | ||
| 040 | _cRUA | ||
| 082 | _aAVM BUT 2008 B084 Or.1 | ||
| 100 |
_92417 _aBUT BUNMAKARA |
||
| 245 | _aEffect of ensiled cassa va foliage and ensiled grass on growth performance of parasitised goats, (ឥទ្ធិពលនៃស្លឹកដំឡូងមីផ្អាប់ និង ស្មៅផ្អាប់ទៅលើការលូតលាស់របស់ពពែដែលផ្ទុកបរាសិត) | ||
| 260 |
_aphnom penh _brua _c2008 |
||
| 300 |
_axi, 41p. _bill. _c29cm. |
||
| 942 |
_2ddc _cAVM |
||
| 999 |
_c2274 _d2274 |
||